| 000 | 00398nam a2200133Ia 4500 | ||
|---|---|---|---|
| 005 | 20251222154357.0 | ||
| 008 | 251222s9999||||xx |||||||||||||| ||spa|| | ||
| 020 | _a978-9972-38-698-5 | ||
| 082 | _a658.83/L65 | ||
| 100 | _a"Linares Cazola, José" | ||
| 245 | 0 | _aInvestigación de mercados: Técnicas y procedimientos de información para el marketing competitivo | |
| 250 | _a2a.ed. | ||
| 942 | _cLIB | ||
| 999 |
_c35119 _d35119 |
||